La Crisis económica y social del mundo sus repercusiones en los países subdesarrollados, sus perpectivas sombrías y la necesidad de luchar si queremos sobrevivir
محفوظ في:
| المؤلف الرئيسي: | |
|---|---|
| التنسيق: | نص |
| منشور في: |
La Habana:
Consejo de Estado,
Oficina de Publicaciones
|
| الوسوم: |
إضافة وسم
لا توجد وسوم, كن أول من يضع وسما على هذه التسجيلة!
|
MARC
| LEADER | 00000 a a2200000 04500 | ||
|---|---|---|---|
| 001 | 24990 | ||
| 003 | |||
| 040 | |||
| 090 | |a 176800 | ||
| 100 | |a Castro Ruz, Fidel | ||
| 245 | |a La Crisis económica y social del mundo sus repercusiones en los países subdesarrollados, sus perpectivas sombrías y la necesidad de luchar si queremos sobrevivir | ||
| 260 | |a La Habana: |b Consejo de Estado, |c Oficina de Publicaciones | ||
| 300 | |a 238 p |b **no definido** |b fonodiscos | ||
| 999 | |c 15651 |d 15651 | ||
